Reproducción foto-litográfica y fieles traslados impresos del Camino de perfección y el Modo de visitar los conventos / (Record no. 196846)
[ view plain ]
| 000 -LEADER | |
|---|---|
| campo de control de longitud fija | 01760nam a2200421 i 4500 |
| 001 - NÚMERO DE CONTROL | |
| campo de control | 196846 |
| 003 - IDENTIFICADOR DE NÚMERO DE CONTROL | |
| campo de control | ES-MaACL |
| 005 - FECHA Y HORA DE LA ÚLTIMA TRANSACCIÓN | |
| campo de control | 20260113141239.0 |
| 008 - DATOS DE LONGITUD FIJA--INFORMACIÓN GENERAL | |
| campo de control de longitud fija | 250108s1883 sp spa |
| 016 7# - NÚMERO DE CONTROL DE UNA AGENCIA BIBLIOGRÁFICA NACIONAL | |
| Número de control del registro | bimoBNE20000593692 |
| Número de control cancelado/no válido | IND9900874939 |
| Fuente | SpMaBN |
| 035 ## - NÚMERO DE CONTROL DEL SISTEMA | |
| Número de control de sistema | (OCoLC)432954716 |
| 035 ## - NÚMERO DE CONTROL DEL SISTEMA | |
| Número de control de sistema | (SpMaBN)bimo0001479309 |
| 035 ## - NÚMERO DE CONTROL DEL SISTEMA | |
| Número de control de sistema | 991058726319708606 |
| 035 ## - NÚMERO DE CONTROL DEL SISTEMA | |
| Número de control de sistema | CCPB1995027386 |
| 035 ## - NÚMERO DE CONTROL DEL SISTEMA | |
| Número de control de sistema | CCPB000200172-1 |
| 040 ## - FUENTE DE CATALOGACIÓN | |
| Centro catalogador/agencia de origen | SpMaBN |
| Lengua de catalogación | spa |
| Centro/agencia transcriptor | CDM |
| 100 0# - ENTRADA PRINCIPAL--NOMBRE DE PERSONA | |
| Nombre de persona | Teresa de Jesús, |
| Títulos y otros términos asociados al nombre | Santa, |
| Fechas asociadas al nombre | 1515-1582 |
| 9 (RLIN) | 226510 |
| Término indicativo de función/relación | Autor |
| 240 ## - TÍTULO UNIFORME | |
| Título uniforme | Camino de perfección |
| 245 10 - MENCIÓN DEL TÍTULO | |
| Título | Reproducción foto-litográfica y fieles traslados impresos del Camino de perfección y el Modo de visitar los conventos / |
| Mención de responsabilidad, etc. | escritos por Santa Teresa de Jesús y algunos autógrafos inéditos ; publicados por el Dr. D. Francisco Herrero Bayona. |
| 260 ## - PUBLICACIÓN, DISTRIBUCIÓN, ETC. | |
| Lugar de publicación, distribución, etc. | Valladolid : |
| Nombre del editor, distribuidor, etc. | [s.n.], |
| Fecha de publicación, distribución, etc. | 1883 |
| Fabricante | (Tipo-foto-litografía de Luis N. de Gaviria, Impresor del I. Colegio de Abogados) |
| 300 ## - DESCRIPCIÓN FÍSICA | |
| Extensión | 1 v. (pag. var.) : |
| Otras características físicas | il. ; |
| Dimensiones | 31 cm |
| 336 ## - TIPO DE CONTENIDO | |
| Fuente | rdacontent |
| Término de tipo de contenido | texto |
| 337 ## - TIPO DE MEDIO | |
| Fuente | rdamedia |
| Nombre/término del tipo de medio | sin mediación |
| 338 ## - TIPO DE SOPORTE | |
| Fuente | rdacarrier |
| Nombre/término del tipo de soporte | volumen |
| 510 ## - NOTA DE CITAS O REFERENCIAS BIBLIOGRÁFICAS | |
| Nombre de la fuente | CCPB, |
| Localización dentro de la fuente | 000153138-7 |
| 597 ## - NOTA A LA DESCRIPCION FISICA | |
| Nota | Texto a dos columnas. |
| 597 ## - NOTA A LA DESCRIPCION FISICA | |
| Nota | Portada a dos tintas. |
| 599 ## - NOTA A LAS ILUSTRACIONES | |
| Nota | H. de grabados calcográficos.: "B. Maura Gco. Madrid 1882" representando a Santa Teresa. |
| 650 #4 - PUNTO DE ACCESO ADICIONAL DE MATERIA--TÉRMINO DE MATERIA | |
| 9 (RLIN) | 15086 |
| Término de materia o nombre geográfico como elemento de entrada | Misticismo |
| 650 #7 - PUNTO DE ACCESO ADICIONAL DE MATERIA--TÉRMINO DE MATERIA | |
| 9 (RLIN) | 136680 |
| Término de materia o nombre geográfico como elemento de entrada | Perfección cristiana |
| 700 1# - ENTRADA AGREGADA--NOMBRE PERSONAL | |
| Nombre de persona | Herrero Bayona, Francisco, |
| Fechas asociadas al nombre | 1823-1899 |
| 9 (RLIN) | 239425 |
| Término indicativo de función/relación | Editor literario |
| 752 ## - ENTRADA AGREGADA--NOMBRE JERÁRQUICO DEL LUGAR | |
| País o entidad superior | España |
| Ciudad | Valladolid |
| 852 ## - LOCALIZACIÓN | |
| Ubicación | ES-MaACL |
| itemnumber | 204497 |
| Número de control de estantería | G-15999 |
| Ubicación en estantería | Depósito 2 |
| Donativo/Legado | Legado: Juan Antonio Porto |
| 903 ## - NOMBRE PERSONAL DE DONANTE | |
| 9 | 93285 |
| a | Porto, Juan Antonio, |
| d | 1937-2021 |
| e | Donante |
| 942 ## - ELEMENTOS DE ENTRADA SECUNDARIOS (KOHA) | |
| Tipo de ítem Koha | Libro impreso antiguo |
| Suprimir en OPAC | No |
| Estatus retirado | Estado de pérdida | Fuente del sistema de clasificación o colocación | Estado de daño | No para préstamo | Colección | Biblioteca de origen | Biblioteca actual | Ubicación en estantería | Fecha de adquisición | Fuente de adquisición | Total de préstamos | Signatura topográfica completa | Código de barras | Visto por última vez | Precio de reemplazo | Tipo de ítem Koha |
|---|---|---|---|---|---|---|---|---|---|---|---|---|---|---|---|---|
| Clasificación decimal universal | Libros del s. XIX | Biblioteca del Ateneo de Madrid | Biblioteca del Ateneo de Madrid | Depósito 2 | 08/01/2025 | Legado | G-15999 | 101229311 | 08/01/2025 | 08/01/2025 | Libro impreso antiguo |
